00757 2200241 4500001002100000005001700021008004100038035002500079040001200104082000800116084001600124090001600140245015300156260002800309300003900337500004900376650001200425700001600437700001400453700001900467700001700486850001200503INLIS00000000000219520150220142008.0  a0010-021500000000459 aYOPDYOG a927 aCoE 927 Oas aCoE 927 Oas aOASIS : Balada sang guru [rekaman video]c/ penanggung jawabi Andy F Noya ; editor, Aam Kamal ; penulis naskah Sri Rusdiyanto ; roduser Hadi Winarto aJakartabMetro TVc2007 aDVDb: digital, stereoc; 4 3/4 in aProgram Metro TV ; tanggal tayang 27/01/2007 aSeniman aAndy F Noya aAam Kamal aSri Rusdiyanto aHadi Winarto aYOPDYOG